| 000 | 00620nam a2200157 a 4500 | ||
|---|---|---|---|
| 008 | 201204s2019 ||||||||||||||||| || u | ||
| 020 | _a9781510449749 | ||
| 050 | _aBC 177 Fra | ||
| 100 | _aFrancis, Peter | ||
| 245 | 1 | 0 |
_aCEM 11+ non-verbal reasoning & spatial reasoning practice papers _cBy Peter Francis |
| 260 |
_aLondon _bHodder and Stoughton _c2019 |
||
| 300 | _a64 pages : illustrations | ||
| 650 | _aNON-VERBAL ABILITY TESTS | ||
| 650 | _aREASONING | ||
| 995 |
_D24.36 _FCBU-MAIN LIBRARY (Kitwe) _M1 _UAVAILABLE _WDec 8, 2020 _ZMain Library Open Access Collection |
||
| 999 |
_c36934 _d36934 |
||